The rubainat of Omar Khayyam explained / (Record no. 128784)

MARC details
000 -LEADER
fixed length control field 00760nam a22002297a 4500
005 - DATE AND TIME OF LATEST TRANSACTION
control field 20170124110045.0
010 ## - LIBRARY OF CONGRESS CONTROL NUMBER
LC control number A-779657
020 ## - INTERNATIONAL STANDARD BOOK NUMBER
Terms of availability 00.00
035 ## - SYSTEM CONTROL NUMBER
System control number A-779657
037 ## - SOURCE OF ACQUISITION
Source of stock number/acquisition Cen Lib/Ret
040 ## - CATALOGING SOURCE
Original cataloging agency DPL
Language of cataloging EN
082 ## - DEWEY DECIMAL CLASSIFICATION NUMBER
Classification number 841.08
Item number YOG
100 ## - MAIN ENTRY--PERSONAL NAME
Personal name Yogananda, Paramhansa
9 (RLIN) 24434
245 ## - TITLE STATEMENT
Title The rubainat of Omar Khayyam explained /
Statement of responsibility, etc by Paramhansa Yogananda; edited by J.Donald Walters
260 ## - PUBLICATION, DISTRIBUTION, ETC. (IMPRINT)
Name of publisher, distributor, etc UBS Publishers Distributors Ltd
Place of publication, distribution, etc New Delhi
Date of publication, distribution, etc 1994
270 ## - ADDRESS
Address 5, Ansari Road
City New Delhi
Postal code 110002
300 ## - PHYSICAL DESCRIPTION
Extent xx,354p. :
Dimensions 22cm(Hb)
Other physical details ill.
650 ## - SUBJECT ADDED ENTRY--TOPICAL TERM
Topical term or geographic name as entry element Omar Khayyam. -- Rubāʻīyāt.
9 (RLIN) 24432
650 ## - SUBJECT ADDED ENTRY--TOPICAL TERM
Topical term or geographic name as entry element Rubāʻīyāt (Omar Khayyam)
9 (RLIN) 24433
700 ## - ADDED ENTRY--PERSONAL NAME
Personal name Walters, J.Donald
9 (RLIN) 72948
942 ## - ADDED ENTRY ELEMENTS (KOHA)
Source of classification or shelving scheme Dewey Decimal Classification
Koha item type English Books
Classification part 841.08
Call number suffix YOG
Holdings
Withdrawn status Lost status Damaged status Not for loan Home library Current library Date acquired Source of acquisition Cost, normal purchase price Total Checkouts Full call number Barcode Date last seen Copy number Cost, replacement price Price effective from Koha item type
        Central Library Central Library 03/07/2015 Cen Lib/Ret 0.00   841.08 YOG A-779657 03/07/2015 1 0.00 15/09/2016 English Books

© Delhi Public Library
Hit Counter
free hit counter